Văn học dân gian dân tộc Cơ Tu
Chọn lọc từ trong các truyện cổ Cơ Tu chúng ta có thể tìm thấy dấu ấn của một thiết chế xã hội với những luật tục, tôn giáo, lễ nghi, trình độ sản xuất, sủ dụng công cụ lao động,... Cũng qua những câu truyện cổ này chúng ta biết đươ...
Na minha lista:
| Autor Corporativo: | |
|---|---|
| Formato: | Livro |
| Idioma: | Undetermined |
| Publicado em: |
Hà Nội
Khoa học - Xã hội
2015
|
| Assuntos: | |
| Tags: |
Adicionar Tag
Sem tags, seja o primeiro a adicionar uma tag!
|
| Thư viện lưu trữ: | Trung tâm Học liệu Trường Đại học Cần Thơ |
|---|
| LEADER | 01315nam a2200193Ia 4500 | ||
|---|---|---|---|
| 001 | CTU_209286 | ||
| 008 | 210402s9999 xx 000 0 und d | ||
| 082 | |a 398.209597 | ||
| 082 | |b H452 | ||
| 110 | |a Hội văn nghệ dân gian Việt Nam | ||
| 245 | 0 | |a Văn học dân gian dân tộc Cơ Tu | |
| 245 | 0 | |c Trần Nguyễn Khánh Phong (Sưu tầm, chuyển ngữ và biên soạn) | |
| 260 | |a Hà Nội | ||
| 260 | |b Khoa học - Xã hội | ||
| 260 | |c 2015 | ||
| 520 | |a Chọn lọc từ trong các truyện cổ Cơ Tu chúng ta có thể tìm thấy dấu ấn của một thiết chế xã hội với những luật tục, tôn giáo, lễ nghi, trình độ sản xuất, sủ dụng công cụ lao động,... Cũng qua những câu truyện cổ này chúng ta biết được ít nhiều về nguồn gốc tộc người hình thành như thế nào, thấy được thế giới quan và nhân sinh quan rộng lớn trong quan niệm về đạo đức của người Cơ Tu. | ||
| 650 | |a Văn học dân gian Việt Nam,Folk literature, Vietnamese | ||
| 904 | |i Trần Thu Thảo,Hải | ||
| 980 | |a Trung tâm Học liệu Trường Đại học Cần Thơ | ||